| 000 | 01273nam a2200361 i 4500 | ||
|---|---|---|---|
| 001 | 198501 | ||
| 003 | ES-MaACL | ||
| 005 | 20260625212806.0 | ||
| 007 | ta | ||
| 008 | 260624s2025 sp a|||| |||| 001 0bspa d | ||
| 017 |
_aM 23970-2025 _bOficina Depósito Legal Madrid |
||
| 020 | _a978-84-96729-69-8 | ||
| 040 |
_aES-MaACL _bspa _cES-MaACL _erda |
||
| 080 | _a929 Tocqueville, Alexis de | ||
| 100 | 1 |
_aNolla, Eduardo _4aut _985914 _eaut |
|
| 245 | 1 | 0 |
_aAlexis de Tocqueville : _bun liberal único / _cEduardo Nolla |
| 250 | _aPrimera edición: noviembre de 2025 | ||
| 264 | 1 |
_aMadrid : _bFundación FAES, _c2025 |
|
| 264 | 4 | _c©2025 | |
| 300 |
_a262 páginas : _bilustraciones (blanco y negro) ; _c23 cm |
||
| 336 |
_2rdacontent _aTexto |
||
| 337 |
_2rdamedia _asin mediación |
||
| 338 |
_2rdacarrier _avolumen |
||
| 490 | 0 |
_aBiografías intelectuales ; _v5 |
|
| 500 | _aRegistro provisional | ||
| 504 | _aBibliografía: páginas 227-255. Índice | ||
| 600 | 0 | 4 |
_aTocqueville, Alexis de _9110392 |
| 852 |
_aES-MaACL _cDEPOJ _jDJ-48 _xEncuadernación rústica con solapas _9207535 |
||
| 942 |
_cMONOGRAFIA _n0 |
||
| 999 |
_c198501 _d198501 |
||